Reforma agraria, participación y migraciones
Uloženo v:
| Hlavní autor: | |
|---|---|
| Médium: | Text |
| Vydáno: |
Santiago:
Programa de Activiades Conjuntas ELAS-CELADE
|
| Tagy: |
Přidat tag
Žádné tagy, Buďte první, kdo vytvoří štítek k tomuto záznamu!
|
MARC
| LEADER | 00000 a a2200000 04500 | ||
|---|---|---|---|
| 001 | 15792 | ||
| 003 | |||
| 040 | |a CRAI/IIS |c CRAI/IIS | ||
| 090 | |a 015500 | ||
| 100 | |a Argüello, Omar | ||
| 245 | |a Reforma agraria, participación y migraciones | ||
| 260 | |a Santiago: |b Programa de Activiades Conjuntas ELAS-CELADE | ||
| 300 | |a 2; 180 p. | ||
| 999 | |c 2524 |d 2524 | ||
